BSOP header

Who's afraid of Virginia Woolf? : (Record no. 52700)

MARC details
000 -LEADER
fixed length control field 00546nam a22001817a 4500
005 - DATE AND TIME OF LATEST TRANSACTION
control field 20240429134920.0
008 - FIXED-LENGTH DATA ELEMENTS--GENERAL INFORMATION
fixed length control field 240429b ||||| |||| 00| 0 eng d
040 ## - CATALOGING SOURCE
Original cataloging agency BSOP
050 ## - LIBRARY OF CONGRESS CALL NUMBER
Classification number PS3551.W9
Item number Al3 1962
100 ## - MAIN ENTRY--PERSONAL NAME
Personal name Albee, Edward
245 ## - TITLE STATEMENT
Title Who's afraid of Virginia Woolf? :
Remainder of title a play /
Statement of responsibility, etc Edward Albee.
260 ## - PUBLICATION, DISTRIBUTION, ETC. (IMPRINT)
Place of publication, distribution, etc New York :
Name of publisher, distributor, etc Atheneum,
Date of publication, distribution, etc c1962.
300 ## - PHYSICAL DESCRIPTION
Extent 242p. ;
Dimensions 21cm.
650 ## - SUBJECT ADDED ENTRY--TOPICAL TERM
Topical term or geographic name as entry element Married people -- DramaCollege teachers -- Drama
650 ## - SUBJECT ADDED ENTRY--TOPICAL TERM
Topical term or geographic name as entry element College teachers -- Drama
651 ## - SUBJECT ADDED ENTRY--GEOGRAPHIC NAME
Geographic name New England -- Drama
942 ## - ADDED ENTRY ELEMENTS (KOHA)
Source of classification or shelving scheme Library of Congress Classification
Item type Books
Holdings
Withdrawn status Lost status Source of classification or shelving scheme Damaged status Not for loan Home library Current library Shelving location Date acquired Source of acquisition Inventory number Total Checkouts Full call number Barcode Date last seen Price effective from Koha item type
    Library of Congress Classification     BSOP Library BSOP Library David Weisberg Collection 04/29/2024 Donated by Dr. David and Oprah Weisberg 48347   PS3551.W9 Al3 1962 00060483 04/29/2024 04/29/2024 Books
BSOP

Biblical Seminary of the Philippines
  All rights Reserved
  © 2024

CONTACT INFORMATION

Biblical Seminary of the Philippines,
  77-B Karuhatan Road, Valenzuela City,
  PHILIPPINES 1441
  Phone: +632 8292-6795 / 8292-6798
  Fax : +632 8292-6675
  Email: library@bsop.edu.ph